| 000 | 00637nam a2200229Ia 4500 | ||
|---|---|---|---|
| 005 | 20250508164628.0 | ||
| 008 | 008 250505s9999 xx 000 0 hin d | ||
| 020 | _a978-1-4129-2181-7 | ||
| 037 | _aTextual | ||
| 040 |
_aFEDL _beng _cFEDL |
||
| 041 |
_ahin _2eng |
||
| 084 |
_a509.2, MUL _qFEDL |
||
| 100 |
_aMuley Gunakar _9398672 |
||
| 245 | 0 | _aAdhunik bharat ke mahan vaigyanik | |
| 260 |
_aNew Delhi, India _bGyan - Vigyan Prakashan _c1993 |
||
| 300 | _a117p. | ||
| 365 |
_aINR _b40 |
||
| 546 | _aMACESE | ||
| 650 |
_aBiography - Scientists _9778662 |
||
| 942 |
_cTEXL _h509.2, MUL |
||
| 999 |
_c1390223 _d1390223 |
||